00334pab a2200133 454500008004000000100001800040245005000058260000900108300001300117362001100130650001500141650001000156773003400166180718b2008 xxu||||| |||| 00| 0 eng d aShaban, Abdul aGhettoisation, crime and punishment in Mumbai c2008 ap.68-73. a16 Aug aPunishment aCrime aEconomic and Political Weekly